Entry Personal Name
Number of records used in: 1
001 - CONTROL NUMBER
003 - CONTROL NUMBER IDENTIFIER
005 - DATE AND TIME OF LATEST TRANSACTION
- control field:
20230907131538.0
008 - FIXED-LENGTH DATA ELEMENTS
- fixed length control field:
840124n| acannaabn |n aaa
010 ## - LIBRARY OF CONGRESS CONTROL NUMBER
- LC control number:
n 82235983
035 ## - SYSTEM CONTROL NUMBER
- System control number:
(OCoLC)oca00886268
040 ## - CATALOGING SOURCE
- Original cataloging agency:
DLC
- Language of cataloging:
eng
- Transcribing agency:
DLC
- Modifying agency:
OCoLC
100 1# - HEADING--PERSONAL NAME
- Personal name:
Fairer, David
670 ## - SOURCE DATA FOUND
- Source citation:
His Pope's imagination, 1984:
- Information found:
CIP t.p. (David Fairer)